MARC details
| 000 -CABECERA |
| campo de control de longitud fija |
02145nab a2200289 a 4500 |
| 005 - FECHA Y HORA DE LA ÚLTIMA TRANSACCIÓN |
| campo de control |
20241105063737.0 |
| 006 - ELEMENTOS DE LONGITUD FIJA – CARACTERÍSTICAS DE MATERIALES ADICIONALES – INFORMACIÓN GENERAL |
| campo de control de longitud fija |
s|||||o|||| 00| 0 |
| 008 - ELEMENTOS DE LONGITUD FIJA--INFORMACIÓN GENERAL |
| campo de control de longitud fija |
991125c2019 sp fr p o 000 0 spa d |
| 035 ## - NÚMERO DE CONTROL DEL SISTEMA |
| Número de control de sistema |
UPN01000233537 |
| 040 ## - FUENTE DE LA CATALOGACIÓN |
| Centro catalogador/agencia de origen |
MX-MxUPN |
| Lengua de catalogación |
spa |
| Centro/agencia transcriptor |
MX-MxUPN |
| Normas de descripción |
aacr2 |
| 049 ## - COLECCIÓN |
| Colección |
ART-E |
| 100 1# - ASIENTO PRINCIPAL--NOMBRE PERSONAL |
| Nombre de persona |
Ara Anel, Alba |
| Enlace |
- albaranel5@gmail.com |
| 245 10 - MENCIÓN DE TÍTULO |
| Título |
Confluencias entre la tesis posmoderna de “la muerte del sujeto” y el pensamiento de Luce Irigaray |
| Medio |
[recurso electrónico en línea] |
| 506 0# - NOTA DE RESTRICCIONES AL ACCESO |
| Limitaciones de acceso |
Acceso abierto |
| 520 3# - NOTA DE RESUMEN, ETC. |
| Sumario, etc. |
El pensamiento posmoderno es uno de los movimientos filosóficos con más repercusión en la época actual. El feminismo de la diferencia, corriente que surge en los años 60 y 70, confluye en muchos de sus puntos con los generalmente atribuidos a la posmodernidad. En el presente artículo se ponen en diálogo ambas corrientes a partir de la revisión de algunos de los planteamientos de la teórica feminista Luce Irigaray que remiten a la posteriormente teorizada “muerte del sujeto”, uno de los ejes del pensamiento posmoderno. Esta tesis se traduce en Irigaray como la crítica a la construcción del “Hombre” como sujeto universal y central en el orden patriarcal, que define a las mujeres como su opuesto, y por lo tanto, privadas de subjetividad propia. Irigaray desafía la existencia de este sujeto universal con el llamamiento a descubrir la propia subjetividad de las mujeres como punto de partida desde el que fundar un orden simbólico alternativo. No obstante, también pueden identificarse algunas contradicciones entre ambas teorías. |
| 650 #4 - ASIENTO SECUNDARIO DE MATERIA - TERMINO TEMATICO |
| Término de materia o nombre geográfico como elemento de entrada |
Feminismo |
| 9 (RLIN) |
8967 |
| 650 #2 - ASIENTO SECUNDARIO DE MATERIA - TERMINO TEMATICO |
| 9 (RLIN) |
5009 |
| Término de materia o nombre geográfico como elemento de entrada |
Subjetividad |
| 650 #4 - ASIENTO SECUNDARIO DE MATERIA - TERMINO TEMATICO |
| Término de materia o nombre geográfico como elemento de entrada |
Lenguaje |
| 9 (RLIN) |
3841 |
| 653 0# - TERMINO DE INDIZACION - NO CONTROLADO |
| Término no controlado |
Posmodernidad |
| 653 0# - TERMINO DE INDIZACION - NO CONTROLADO |
| Término no controlado |
Falocentrismo |
| 773 ## - ENLACE AL DOCUMENTO FUENTE/ENTRADA DE REGISTRO ANFITRIÓN |
| Parte(s) relacionada(s) |
Vol. 4, no. 3 (2019), p. 203-213 |
| Título |
Femeris : revista multidisciplinaria de estudios de género |
| Número Internacional Normalizado para Publicaciones Seriadas |
2530-2442 |
| 856 40 - LOCALIZACIÓN Y ACCESO ELECTRÓNICOS |
| Identificador Uniforme del Recurso |
<a href="https://e-revistas.uc3m.es/index.php/FEMERIS/article/view/4936/3408">https://e-revistas.uc3m.es/index.php/FEMERIS/article/view/4936/3408</a> |
| 856 40 - LOCALIZACIÓN Y ACCESO ELECTRÓNICOS |
| Identificador Uniforme del Recurso |
<a href="https://doi.org/10.20318/femeris.2019.4936">https://doi.org/10.20318/femeris.2019.4936</a> |
| Nota pública |
Consultar articulo completo |
| 902 ## - ELEMENTOS DE DATOS B LOCAL, LDB (RLIN) |
| Creó |
GloriaJiménez/281022 |
| Modificó |
GloriaJiménez/281022 |
| 905 ## - TIPO DE MATERIAL |
| Tipo de material |
Articulo |
| 942 ## - ELEMENTOS DE PUNTO DE ACCESO ADICIONAL (KOHA) |
| Tipo de ítem Koha |
Artículo Electrónico |